|
|
|
|
| LEADER |
01092nam a2200229 a 4500 |
| 001 |
GR-Patra18978 |
| 003 |
GR-PaULI |
| 005 |
20220715125047.0 |
| 008 |
060224s2005 gr g 000 0 gre d |
| 952 |
|
|
|0 0
|1 0
|2 ddc
|4 0
|6 M_JOR
|7 0
|9 299264
|a LISK
|b LISK
|c BSC
|d 2021-01-17
|e 24
|f 0
|g 0.00
|l 0
|o M JOR
|p 92410027772
|r 2021-01-17 00:00:00
|t 1
|w 2021-01-17
|y BK15
|x 20060224 0 1
|x GrPaTEI
|
| 952 |
|
|
|0 0
|1 0
|2 ddc
|4 0
|6 Μ_JOR
|7 0
|9 299265
|a LISK
|b LISK
|c BSC
|d 2021-01-17
|e 24
|f 1
|g 0.00
|l 0
|o Μ JOR
|p 92410027771
|q 2011-09-21
|r 2021-01-17 00:00:00
|t 1
|w 2021-01-17
|y BK15
|x 20060224 0 1
|x GrPaTEI
|
| 999 |
|
|
|c 174003
|d 174003
|
| 020 |
|
|
|a 960274913X
|
| 040 |
|
|
|a GrPaTEI
|b gre
|c GR-PaULI
|e AACR2
|
| 082 |
0 |
4 |
|2 23
|
| 100 |
1 |
|
|a Jordis, Christine
|e συγγραφέας.
|
| 245 |
1 |
3 |
|a Το τετράδιο του έρωτα /
|c Κριστίν Ζόρντις ; μετάφραση Εύη Βαγγελάτου.
|
| 260 |
|
|
|a Αθήνα :
|b Ψυχογιός,
|c c 2005.
|
| 300 |
|
|
|a 372 σ.
|
| 500 |
|
|
|a Τίτλος πρωτοτύπου: La chambre blanche.
|
| 700 |
1 |
|
|a Βαγγελάτου, Εύη
|e μεταφράστρια.
|
| 942 |
|
|
|2 ddc
|c BK15
|